000 00238nam a22000857a 4500
999 _c11330
_d11330
008 190311b ||||| |||| 00| 0 eng d
020 _a9780547589398
100 _97071
_aSISPEZIO.MICHEAL.A
245 _aSICENCE FUSION HOLT MCDOUGAL DYNAMIC EARTH